| 000 | 01196aam a2200289 i 4500 | ||
|---|---|---|---|
| 999 |
_c45075 _d45075 |
||
| 001 | 18662 | ||
| 003 | CO-MdFUSB | ||
| 005 | 20180810074322.0 | ||
| 008 | 180810b xxu||||| |||| 00| 0 eng d | ||
| 020 | _a978-0-8297-5967-9 | ||
| 040 |
_aCO-MdFUSB _bspa _cCO-MdFUSB _dCO-MdFUSBC _erda |
||
| 041 | _aspa | ||
| 082 | 0 | 4 | _aR 225.7 C65z |
| 100 | 1 |
_aKeener, Craig _eautor. |
|
| 245 | 1 | 0 |
_aApocalipsis _b: del texto bíblico a una aplicación contemporánea. _c/ Craig Keener ; traducido por Pedro L. Gómez Flores ; editado por Loida Viegas Fernández y Juan Carlos Martín Cobano |
| 264 | 1 |
_aMiami, Florida : _bVida, _c[2013] |
|
| 264 | 4 | _c©2013 | |
| 300 |
_a624 páginas _c; 24 |
||
| 336 |
_2rdacontent _atexto _btxt |
||
| 337 |
_2rdamedia _asin mediación _bn |
||
| 338 |
_2rdacarrier _avolumen _bnc |
||
| 500 | _aTítulo original en inglés: The NVI Application commentary: Revelation | ||
| 501 | _apasta dura | ||
| 505 | 0 | _aIntroducción a la serie CBA NVI -- Prefacio del editor -- Prefacio del autor -- Abreviaturas -- Introducción a Apocalipsis -- Bosquejo -- Bibliografía comentada -- Texto y comentario de Apocalipsis | |
| 630 | 0 | 7 |
_aBiblia. _pApocalipsis _vComentarios. |
| 942 | _cBK | ||